Direito internacional do petrl̤eo o compartilhamento de petrl̤eo e gs̀ natural entre Estados /

Detalles Bibliográficos
Autor principal: de Oliveira, Diogo Pignatario
Formato: eBook
Lenguaje:portugués
Publicado: Rio de Janeiro: Synergia Editora, 2013
Materias:
Acceso en línea:Acceso restringido

MARC

LEADER 00000nam a22000007a 4500
005 20190817000418.0
007 cr|||| ||||
008 190817s2013 br |||||s|||| 00||0 por d
020 |a 978-85-61325-84-8 
035 |a 24109 
040 |a vLex 
090 |c 9227  |d 9227 
100 1 |a de Oliveira, Diogo Pignatario 
245 1 0 |a Direito internacional do petrl̤eo  |h [Recurso electrn̤ico] :  |b o compartilhamento de petrl̤eo e gs̀ natural entre Estados /  |c Diogo Pignatario de Oliveira 
256 |a Servicio en ln̕ea 
260 |a Rio de Janeiro:  |b Synergia Editora,  |c 2013 
300 |a 1 recurso electrn̤ico 
500 |a Historicamente, o direito internacional nô tem recebido a devida atenȯ̂ das universidades brasileiras e s ̤recentemente os programas de ps̤-graduaȯ̂ tm̊ desenvolvido estudos mais coerentes com a importńcia da matřia internacional.Este livro ̌fruto do interesse crescente pelas matřias internacionais e que situa os recursos naturais entre os temas centrais da conjuntura global, uma vez que existe uma forte demanda de profissionais do direito, preparados para intervir junto s̉ instńcias internacionais, assessorar as empresas e as autarquias que tm̊ produtos e relaė̳s com as esferas e as instńcias internacionais.O autor de modo didt̀ico, ao mesmo tempo, aproxima os interesses estratǧicos brasileiros e os nc︢leos de estudos e do poder internacionais e oferece uma anl̀ise da normativa internacional e do direito brasileiro no que se refere aos recursos naturais nô renovv̀eis como o petrl̤eo e o gs̀ natural. Com pertinn̊cia aborda as implicaė̳s da escassez; do aumento da produtividade e dos recursos que movimentam a inds︢tria do petrl̤eo e gs̀, assim como as repercusse̳s dessas variv̀eis na matriz energťica dos pas̕es e nas mudanȧs climt̀icas - o que demonstra a pertinn̊cia e a relevńcia da sua publicaȯ̂.Que a publicaȯ̂ desse livro seja o reconhecimento ao trabalho sřio, contn̕uo e incansv̀el de um jovem jurista, cujo exemplo deve representar um estm̕ulo para as futuras geraė̳s. 
506 1 |a Disponible solo en los productos indicados  |d vLex Global  |d vLex Global (Academic Edition, excluding Law Schools)  |d vLex Global (U.S. Academic Edition, Law Schools)  |d vLex Global (U.S. Academic Edition, excluding Law Schools)  |d vLex Global (Academic Edition, Law Schools) 
650 0 4 |a Derecho Internacional  |z Brasil 
740 0 |a vLex Libros (Servicio en ln̕ea) 
856 4 0 |u http://vlex.com/source/direito-internacional-do-petroleo-o-compartilhamento-de-petroleo-e-gas-natural-entre-estados-24109  |z Acceso restringido 
942 |c BOOK 
999 0 |a International right